000 00504nam a2200181Ia 4500
005 20250508151441.0
008 008 250505s9999 xx 000 0 eng d
037 _aTextual
040 _aFEDL
_beng
_cFEDL
041 _aeng
_2eng
084 _a791.8, CLA
_qFEDL
100 _aClark Ronald W
_9602761
245 0 _aLion boy: The story of Cedric Crossfield
260 _aLondon, UK
_bPhoenix House Ltd
_c1954
300 _a64p
942 _cTEXL
_h791.8, CLA
999 _c1329872
_d1329872